000 00225 a2200097 4500
001 46003
100 _aLittawer, V
245 _aCommon sense Horsemanship
260 _aToronto
_bD Van Nostrand & Co
_c
090 _c29128
_d29128
942 _aNUST-CAE
_cM
_c21256
999 _c281076
_d281076